00438nam a22001697a 450000500170000000800410001702000260005804000090008404100120009308200160010510000240012124500180014526000370016330000080020065000340020870000260024220260423165155.0260423b |||||||| |||| 00| 0 eng d a9789348385826c395.00 aMAIN aEnglish a333.95bMAN aMandal, Fatik Baran aBiodiversity  aNew DelhibCBS Publishers c2026 a344 aEnvironment Science (PM USHA) aNandi, Nepal Chandra